| 000 | 00999nam a2200229 i 4500 | ||
|---|---|---|---|
| 001 | 184962 | ||
| 003 | ES-MaACL | ||
| 005 | 20251003161838.0 | ||
| 008 | 160229s1899 sp c |||| | spa d | ||
| 110 | 2 |
_aBiblioteca Nacional (España). _bDepartamento de Manuscritos. _9158888 |
|
| 245 | 1 | 0 | _aCatálogo de las piezas de teatro que se conservan en el Departamento de Manuscritos de la Biblioteca Nacional. |
| 260 |
_a[S.l. : _bs.n.], _c1899 ( _eMadrid : _fImp. del Colegio Nacional de Sordomudos y de Ciegos) |
||
| 300 |
_a724 p. ; _c24 cm. |
||
| 530 | _aDisponible en formato digital. | ||
| 594 | _aAutor (p. [5]): A. Paz y Meliá. | ||
| 650 | 0 | 4 |
_aManuscritos- _xBiblioteca Nacional (España)- _xCatálogos. _914753 |
| 650 | 4 |
_aTeatro español- _xManuscritos- _vBibliografías. _917345 |
|
| 700 | 1 |
_aPaz y Meliá, A., _d1842-1927 _989789 |
|
| 852 |
_aES-MaACL _jC-2370 |
||
| 856 |
_uhttp://bdh-rd.bne.es/viewer.vm?id=0000084133&page=1 _zBiblioteca Digital Hispánica |
||
| 999 |
_c184962 _d184962 |
||